| 000 | 01020nam a22003017a 4500 | ||
|---|---|---|---|
| 003 | OSt | ||
| 005 | 20260305034351.0 | ||
| 008 | 260305b |||||||| |||| 00| 0 eng d | ||
| 020 | _a9786214380084 | ||
| 040 |
_aDWCL - Main Lib. _cOC |
||
| 082 | _aFil. 920 F979 2019 | ||
| 100 | _aCabuquit, Anna Nicole | ||
| 245 |
_a50 fun, fierce, and fabulous Filipinas / _cAnna Nicole Cabuquit [and nine others] |
||
| 260 |
_a[place of publication not identified] : _bBrille Petit, an imprint of Brilliant Creations Publishing, _cc2019. |
||
| 300 |
_a119 pages : _bcolored illustrations ; _c20cm. |
||
| 504 | _aIncludes bibliographical references. | ||
| 650 | _a1. Women -- Philippines -- Biography. | ||
| 700 | _a1. Cirilo, Niel Angelo | ||
| 700 | _a2. Anj CP | ||
| 700 | _a3. Cruz, Joana Ariza | ||
| 700 | _a4. Goddard, Louise | ||
| 700 | _a5. Linga, Cristy Ann | ||
| 700 | _a6. Mamiit, AS | ||
| 700 | _a7. Rocio, MJ | ||
| 700 | _a8. Roxas, Neal Igan | ||
| 700 | _a9. Viuda, Mark | ||
| 942 |
_2ddc _cBK-0 CIRC _n0 |
||
| 999 |
_c8637 _d8637 |
||